<?xml version="1.0" encoding="UTF-8"?>
<collection xmlns:xsi="http://www.w3.org/2001/XMLSchema-instance" xsi:schemaLocation="http://www.loc.gov/MARC21/slim http://www.loc.gov/standards/marcxml/schema/MARC21slim.xsd" xmlns="http://www.loc.gov/MARC21/slim">
 <record>
  <leader>00000cmm a22000003a 4500</leader>
  <controlfield tag="001">UP-8027390931316316778</controlfield>
  <controlfield tag="003">Buklod</controlfield>
  <controlfield tag="005">20200928084804.0</controlfield>
  <controlfield tag="006">a     r    |||| u|</controlfield>
  <controlfield tag="007">ta</controlfield>
  <controlfield tag="008">200928s        xx     d        u        </controlfield>
  <datafield tag="035" ind1=" " ind2=" ">
   <subfield code="a">(iLib)UPMIN-00025441226</subfield>
  </datafield>
  <datafield tag="040" ind1=" " ind2=" ">
   <subfield code="a">UPMin</subfield>
  </datafield>
  <datafield tag="041" ind1=" " ind2=" ">
   <subfield code="a">eng</subfield>
  </datafield>
  <datafield tag="090" ind1=" " ind2="0">
   <subfield code="a">OER-038</subfield>
  </datafield>
  <datafield tag="245" ind1="0" ind2="0">
   <subfield code="a">Computer science community portal [electronic resource]</subfield>
   <subfield code="c">MERLOT, California State University System.</subfield>
  </datafield>
  <datafield tag="256" ind1=" " ind2=" ">
   <subfield code="a">mixed.</subfield>
  </datafield>
  <datafield tag="264" ind1=" " ind2="1">
   <subfield code="a">Long Beach, CA</subfield>
   <subfield code="b">MERLOT</subfield>
   <subfield code="c">c1997-2020.</subfield>
  </datafield>
  <datafield tag="300" ind1=" " ind2=" ">
   <subfield code="a">1 online resource.</subfield>
  </datafield>
  <datafield tag="516" ind1=" " ind2=" ">
   <subfield code="a">mixed.</subfield>
  </datafield>
  <datafield tag="520" ind1=" " ind2=" ">
   <subfield code="a">Quoted from the homepage:  The aim of this portal is to provide you with useful education resources (e.g., animations, video lectures, online courses, open textbooks) for teaching/learning computer science. There are peer reviews and user ratings for your reference. Note that the resources are categorized based on the ACM/IEEE Computer Science Curricula 2013.</subfield>
  </datafield>
  <datafield tag="538" ind1=" " ind2=" ">
   <subfield code="a">online.</subfield>
  </datafield>
  <datafield tag="650" ind1="1" ind2="7">
   <subfield code="a">Electronic information resources.</subfield>
  </datafield>
  <datafield tag="650" ind1="1" ind2="7">
   <subfield code="a">Internet research.</subfield>
  </datafield>
  <datafield tag="650" ind1="1" ind2="7">
   <subfield code="a">Internet in higher education.</subfield>
  </datafield>
  <datafield tag="650" ind1="1" ind2="7">
   <subfield code="a">Open learning.</subfield>
  </datafield>
  <datafield tag="650" ind1="1" ind2="7">
   <subfield code="a">Education, Higher.</subfield>
  </datafield>
  <datafield tag="650" ind1="1" ind2="7">
   <subfield code="a">Electronic books.</subfield>
  </datafield>
  <datafield tag="650" ind1="1" ind2="7">
   <subfield code="a">Algorithms</subfield>
   <subfield code="x">Open educational resource</subfield>
   <subfield code="v">Electronic information resources.</subfield>
  </datafield>
  <datafield tag="650" ind1="1" ind2="7">
   <subfield code="a">Architecture (Computer science)</subfield>
   <subfield code="x">Open educational resource</subfield>
   <subfield code="v">Electronic information resources.</subfield>
  </datafield>
  <datafield tag="650" ind1="1" ind2="7">
   <subfield code="a">Computational science</subfield>
   <subfield code="x">Open educational resource</subfield>
   <subfield code="v">Electronic information resources.</subfield>
  </datafield>
  <datafield tag="650" ind1="1" ind2="7">
   <subfield code="a">Discrete structures</subfield>
   <subfield code="x">Open educational resource</subfield>
   <subfield code="v">Electronic information resources.</subfield>
  </datafield>
  <datafield tag="650" ind1="1" ind2="7">
   <subfield code="a">Graphics (Computer science)</subfield>
   <subfield code="x">Open educational resource</subfield>
   <subfield code="v">Electronic information resources.</subfield>
  </datafield>
  <datafield tag="650" ind1="1" ind2="7">
   <subfield code="a">Visualization (Computer science)</subfield>
   <subfield code="x">Open educational resource</subfield>
   <subfield code="v">Electronic information resources.</subfield>
  </datafield>
  <datafield tag="650" ind1="1" ind2="7">
   <subfield code="a">Human-computer interaction (Computer science)</subfield>
   <subfield code="x">Open educational resource</subfield>
   <subfield code="v">Electronic information resources.</subfield>
  </datafield>
  <datafield tag="650" ind1="1" ind2="7">
   <subfield code="a">Information management</subfield>
   <subfield code="x">Open educational resource</subfield>
   <subfield code="v">Electronic information resources.</subfield>
  </datafield>
  <datafield tag="650" ind1="1" ind2="7">
   <subfield code="a">Intelligent systems (Computer science)</subfield>
   <subfield code="x">Open educational resource</subfield>
   <subfield code="v">Electronic information resources.</subfield>
  </datafield>
  <datafield tag="650" ind1="1" ind2="7">
   <subfield code="a">Networks (Computer science)</subfield>
   <subfield code="x">Open educational resource</subfield>
   <subfield code="v">Electronic information resources.</subfield>
  </datafield>
  <datafield tag="650" ind1="1" ind2="7">
   <subfield code="a">Communication (Computer science)</subfield>
   <subfield code="x">Open educational resource</subfield>
   <subfield code="v">Electronic information resources.</subfield>
  </datafield>
  <datafield tag="650" ind1="1" ind2="7">
   <subfield code="a">Parallel computing</subfield>
   <subfield code="x">Open educational resource</subfield>
   <subfield code="v">Electronic information resources.</subfield>
  </datafield>
  <datafield tag="650" ind1="1" ind2="7">
   <subfield code="a">Distributed computing</subfield>
   <subfield code="x">Open educational resource</subfield>
   <subfield code="v">Electronic information resources.</subfield>
  </datafield>
  <datafield tag="650" ind1="1" ind2="7">
   <subfield code="a">Platform-based development (Computer science)</subfield>
   <subfield code="x">Open educational resource</subfield>
   <subfield code="v">Electronic information resources.</subfield>
  </datafield>
  <datafield tag="650" ind1="1" ind2="7">
   <subfield code="a">Intelligent systems (Computer science)</subfield>
   <subfield code="x">Open educational resource</subfield>
   <subfield code="v">Electronic information resources.</subfield>
  </datafield>
  <datafield tag="650" ind1="1" ind2="7">
   <subfield code="a">Programming (Computer science)</subfield>
   <subfield code="x">Open educational resource</subfield>
   <subfield code="v">Electronic information resources.</subfield>
  </datafield>
  <datafield tag="650" ind1="1" ind2="7">
   <subfield code="a">Programming languages (Computer science)</subfield>
   <subfield code="x">Open educational resource</subfield>
   <subfield code="v">Electronic information resources.</subfield>
  </datafield>
  <datafield tag="650" ind1="1" ind2="7">
   <subfield code="a">Software development</subfield>
   <subfield code="x">Open educational resource</subfield>
   <subfield code="v">Electronic information resources.</subfield>
  </datafield>
  <datafield tag="650" ind1="1" ind2="7">
   <subfield code="a">Software engineering</subfield>
   <subfield code="x">Open educational resource</subfield>
   <subfield code="v">Electronic information resources.</subfield>
  </datafield>
  <datafield tag="650" ind1="1" ind2="7">
   <subfield code="a">Computer science</subfield>
   <subfield code="x">Social issues</subfield>
   <subfield code="x">Open educational resource</subfield>
   <subfield code="v">Electronic information resources.</subfield>
  </datafield>
  <datafield tag="650" ind1="1" ind2="7">
   <subfield code="a">Computer science</subfield>
   <subfield code="x">Professional practice</subfield>
   <subfield code="x">Open educational resource</subfield>
   <subfield code="v">Electronic information resources.</subfield>
  </datafield>
  <datafield tag="658" ind1=" " ind2=" ">
   <subfield code="a">BS Computer Science.</subfield>
   <subfield code="b">Open educational resources.</subfield>
  </datafield>
  <datafield tag="658" ind1=" " ind2=" ">
   <subfield code="a">Basic Research Methods in Architecture</subfield>
   <subfield code="c">ARCH175</subfield>
   <subfield code="2">BSA.</subfield>
  </datafield>
  <datafield tag="658" ind1=" " ind2=" ">
   <subfield code="a">Scientific Research Process</subfield>
   <subfield code="c">NSM192</subfield>
   <subfield code="2">BSCS.</subfield>
  </datafield>
  <datafield tag="710" ind1="2" ind2=" ">
   <subfield code="a">California State University System.</subfield>
  </datafield>
  <datafield tag="710" ind1="2" ind2=" ">
   <subfield code="a">MERLOT (Multimedia Educational Resource for Learning and Online Teaching).</subfield>
  </datafield>
  <datafield tag="710" ind1="2" ind2=" ">
   <subfield code="a">MERCED-I (Mindanao Educational Resources for Curricular Enhancement and Development-Initiatives) on OER (Open Educational Resources).</subfield>
  </datafield>
  <datafield tag="856" ind1=" " ind2=" ">
   <subfield code="u">https://www.merlot.org/merlot/ComputerScience.htm</subfield>
  </datafield>
  <datafield tag="905" ind1=" " ind2=" ">
   <subfield code="a">FO</subfield>
  </datafield>
  <datafield tag="852" ind1="0" ind2=" ">
   <subfield code="a">UPMIN</subfield>
   <subfield code="b">UPMIN-MAIN</subfield>
   <subfield code="h">OER-038</subfield>
  </datafield>
  <datafield tag="942" ind1=" " ind2=" ">
   <subfield code="a">Electronic Resource</subfield>
  </datafield>
 </record>
</collection>
